根据城区地形地图写出山西各地市 Shanxi cities on urban topographic map - Statistics

General Stats
  • This quiz has been taken 21 times
  • The average score is 8 of 11
Answer Stats
Picture Answer % Correct
吕梁
88%
运城
88%
太原
88%
长治
82%
大同
82%
晋城
76%
忻州
65%
晋中
65%
临汾
65%
朔州
65%
阳泉
65%
No matching quizzes found
Score Distribution
Percent of People with Each Score
Percentile by Number Answered
Your Score History
You have not taken this quiz